OG Keemo - Mann Beisst Hund - Statistiken

Allgemein
  • Dieses Quiz wurde 107 mal gespielt
  • Das Durchschnittsergebnis liegt bei 12 aus 17
Antwortstatistiken
Antwort % Korrekt
Civic
95%
Vögel
91%
Anfang
88%
Malik
86%
Ende
81%
Töle
77%
Regen
75%
Big Boy
72%
Hund Skit
72%
Mann Skit
66%
Suplex
64%
2009
63%
Blanko
61%
Petrichor
61%
Sandmann
55%
Vertigo
45%
Ziller
45%
Keine übereinstimmenden Quizze gefunden
Verteilung der Resultate
Anzahl Personen mit jedem Resultat
Perzentil nach korrekt beantworteten Fragen
Ihre Resultats-Entwicklung
Sie haben dieses Quiz noch nicht gespielt